Science Quiz

Random Science or Alphabet Quiz

Baby Beasts A-Z Quiz Stats

 Plays Quiz Updated Mar 21, 2018

Also try: Baby Beasts
Challenge
Share
Tweet
Score 0/25 Timer 04:00
7 Plays Today
Image Animal % Correct
DDonkey
97.2%
KKangaroo
93.9%
PPenguin
93.3%
GGoat
92.9%
ZZebra
92.4%
LLeopard
91.5%
SSloth
91%
OOstrich
88.1%
HHedgehog
86.6%
BBadger
85.6%
FFerret
80%
YYak
78.5%
AAardvark
77.8%
Image Animal % Correct
EEagle
76.6%
QQuail
73.6%
NNewt
72.8%
CChinchilla
67.3%
JJackal
66.5%
WWallaby
65.9%
RRed Panda
65.7%
VVulture
65.3%
TTapir
56.8%
IImpala
43.3%
MMarmot
19.3%
UUakari
5.6%

You're not logged in!

Compare scores with friends on all Sporcle quizzes.
OR
Log In

You Might Also Like...

Show Comments

Extras

Top Quizzes Today


Score Distribution

Your Account Isn't Verified!

In order to create a playlist on Sporcle, you need to verify the email address you used during registration. Go to your Sporcle Settings to finish the process.

Report this User

Report this user for behavior that violates our Community Guidelines.

Details: